000 00697nam a2200229 i 4500
001 105927
003 ES-MaACL
007 t|
008 060913s1973 fr ||||1| fre d
020 _a2-228-32230-X
080 _a301.172.3(04)
100 1 _aMemmi , Albert.
_9184620
245 1 2 _aL'homme dominé
_b: le noir, le colonisé.... /
_cAlbert Memmi.
260 _aParis :
_bPayot,
_c[1973]
300 _a232 p. ;
_c18 cm.
490 1 _aPetite bibliothèque Payot ;
_v223
500 _aBiblioteca Juan Andrade.
650 1 7 _aPsicología social
_2embne
_916573
830 0 _aPetite bibliothèque Payot ;
_v223
_9182599
852 _aES-MaACL
_jAND-890
_bR.110178
999 _c105927
_d105927